[Event "Campeonato de Aragon por Equipos 2009"]
[Site "Aragon"]
[Date "2009.03.28"]
[Round "9.21"]
[White "Martinez Asensio Juan M"]
[Black "Ramiro Ovejero Juan Luis"]
[Result "0-1"]
[WhiteElo "2180"]
[BlackElo "2345"]

1.e4 c5 2.Nf3 e6 3.d4 cxd4 4.Nxd4 Nc6 5.Nc3 Qc7 6.Ndb5 Qb8 7.Be3 a6 8.Bb6 axb5
9.Nxb5 Bb4+ 10.c3 Ba5 11.Nc7+ Qxc7 12.Bxc7 Bxc7 13.Qg4 Be5 14.Bb5 Nf6 15.Qe2
O-O 16.O-O Bc7 17.a4 d5 18.exd5 exd5 19.Bxc6 bxc6 20.Qe7 Bd7 21.Qe2 Rfe8 22.
Qc2 Ne4 23.Ra3 Bb6 24.Raa1 Bf5 25.Qd1 Bc8 26.a5 Bc5 27.Qa4 Re6 28.a6 Rxa6 29.
Qc2 Nxf2 30.h4 Nh3+ 31.Kh1 Rxa1 32.Rxa1 Nf2+ 33.Kg1 Nd1+ 0-1

[Event "Campeonato de Aragon por Equipos 2009"]
[Site "Aragon"]
[Date "2009.03.28"]
[Round "9.22"]
[White "Alonso Fernandez Revuelta Rodri"]
[Black "Martin Catalan Juan Vicente"]
[Result "1/2-1/2"]
[WhiteElo "2129"]
[BlackElo "2114"]

1.e4 c5 2.Nf3 Nc6 3.Bb5 g6 4.O-O Bg7 5.Nc3 Nd4 6.Re1 Nxb5 7.Nxb5 Nf6 8.e5 Nd5
9.d4 Nc7 10.Nd6+ exd6 11.Bg5 Qxg5 12.exd6+ Ne6 13.Nxg5 cxd4 14.Nxe6 dxe6 15.c4
dxc3 16.bxc3 Bxc3 17.Rc1 Bxe1 18.Rxc8+ Rxc8 19.d7+ Ke7 20.dxc8=N+ Rxc8 21.Qxe1
Rc5 22.Qb4 b6 23.g3 Kf6 24.Qh4+ Kg7 25.Qe7 Ra5 26.a3 h5 27.h3 Ra4 28.Kf1 Ra5
29.g4 hxg4 30.hxg4 Ra4 31.f3 Ra5 32.g5 Ra4 33.Ke2 Ra5 34.f4 Kg8 35.Ke3 Kg7 36.
Kf3 Kg8 37.a4 Kg7 38.Qd7 Kg8 39.Ke4 Kf8 40.Qc6 Kg8 41.Ke3 Kf8 42.Qd7 Kg8 43.
Qe8+ Kg7 44.Ke4 Rf5 45.Ke3 Ra5 46.Kd4 Rc5 47.Qe7 Ra5 48.Qf6+ Kg8 49.Qd8+ Kg7
50.Ke4 Rc5 51.Kd3 Ra5 52.Kc3 Rf5 53.Qb8 Rc5+ 54.Kb3 Ra5 55.Kb4 Kh7 56.Qc7 Kg8
57.Qc3 Rf5 58.Qc7 1/2-1/2

[Event "Campeonato de Aragon por Equipos 2009"]
[Site "Aragon"]
[Date "2009.03.28"]
[Round "9.23"]
[White "Dominguez Bujeda Jesus"]
[Black "Galvez Perez Jose Luis"]
[Result "1/2-1/2"]
[WhiteElo "2082"]
[BlackElo "2072"]

1.d4 d6 2.c4 e5 3.d5 g6 4.e4 Nd7 5.Nc3 a5 6.Be3 Bh6 7.Qd2 Bxe3 8.Qxe3 Nc5 9.
Nf3 Qe7 10.Be2 f5 11.exf5 Bxf5 12.Nd2 Nf6 13.O-O O-O 14.b3 Bg4 15.f3 Bd7 16.a3
Nh5 17.g3 Bh3 18.Rfe1 Bd7 19.b4 axb4 20.axb4 Na6 21.Rab1 Ng7 22.Bd3 Qf7 23.c5
Bf5 24.cxd6 Bxd3 25.Qxd3 cxd6 26.Nce4 Rad8 27.Kg2 Nc7 28.Nc4 Nf5 29.Ng5 Qf6
30.Ne4 Qf7 31.Ng5 Qf6 32.Ne4 1/2-1/2

[Event "Campeonato de Aragon por Equipos 2009"]
[Site "Aragon"]
[Date "2009.03.28"]
[Round "9.24"]
[White "Carraminana Lopez Luis Antonio"]
[Black "Gomez Calomarde Saul"]
[Result "1-0"]
[WhiteElo "1961"]
[BlackElo "1945"]

1.e4 c5 2.Nf3 Nc6 3.Bb5 Na5 4.b4 cxb4 5.a3 bxa3 6.d4 e6 7.O-O a6 8.Bd3 b5 9.
Nxa3 Bb7 10.c4 bxc4 11.Nxc4 Nxc4 12.Bxc4 Bxe4 13.Ng5 Bc6 14.d5 Bb5 15.Qf3 Nf6
16.Bxb5 Rb8 17.dxe6 fxe6 18.Nxe6 Qb6 1-0

[Event "Campeonato de Aragon por Equipos 2009"]
[Site "Aragon"]
[Date "2009.03.28"]
[Round "9.25"]
[White "Cebrian Valverde Jose Antonio"]
[Black "Guetas Sanchez Hugo"]
[Result "0-1"]
[WhiteElo "2200"]
[BlackElo "2147"]

1.d4 g6 2.c4 Bg7 3.Nc3 d6 4.e4 Nc6 5.d5 Nd4 6.Be3 e5 7.Nb5 c6 8.Nxd4 exd4 9.
Bxd4 Qa5+ 10.Ke2 Nf6 11.Bc3 Qb6 12.f3 cxd5 13.cxd5 Nxd5 14.exd5 Bxc3 15.bxc3
O-O 16.Rb1 Re8+ 17.Kd2 Qe3+ 18.Kc2 Bd7 19.Rb4 Rac8 20.Qd2 Bf5+ 21.Bd3 Bxd3+
22.Qxd3 Qf2+ 23.Qd2 Qf1 24.Rb1 Qc4 25.Rb3 Rc5 26.Qd3 Qa4 27.Kb2 Re1 28.h4 Ra5
29.a3 Qe8 30.h5 Qe5 31.hxg6 Rxd5 32.gxh7+ Kh8 33.Rxb7 Rxd3 34.Rb8+ Qe8 35.
Rxe8+ Rxe8 36.Nh3 Rd2+ 37.Kb3 Rxg2 38.f4 f6 39.Rd1 Re3 40.Ng1 Reg3 41.Rxd6
Rxg1 42.Rxf6 Kxh7 43.a4 Rg6 44.Rf5 Kg7 45.a5 Rf6 46.Rg5+ Rxg5 47.fxg5 Rc6 48.
Kb4 a6 49.c4 Kg6 50.c5 Kf5 0-1

[Event "Campeonato de Aragon por Equipos 2009"]
[Site "Aragon"]
[Date "2009.03.28"]
[Round "9.26"]
[White "Sig Vargas Marcos"]
[Black "Gimeno Oteo Marco Antonio"]
[Result "1/2-1/2"]
[WhiteElo "2117"]
[BlackElo "2161"]

1.e4 e5 2.Bc4 Nf6 3.d3 c6 4.Nf3 d5 5.Bb3 dxe4 6.Ng5 Bc5 7.Nxf7 Qb6 8.Qe2 Rf8
9.Nxe5 Bxf2+ 10.Qxf2 Qxf2+ 11.Kxf2 Ng4+ 12.Kg3 Nxe5 13.Re1 Bf5 14.Nc3 Nbd7 15.
Nxe4 O-O-O 16.Bf4 Bxe4 17.Rxe4 Ng6 18.Bd6 Rf6 19.Be6 Nf8 20.Bxf8 Rdxf8 21.Rae1
Rg6+ 22.Rg4 Rff6 23.Bxd7+ Kxd7 24.Re4 h5 25.Rxg6 Rxg6+ 26.Kf3 Rg5 27.h4 Rc5
28.c3 g5 29.hxg5 Rxg5 30.d4 Kd6 31.Rf4 c5 32.Rf6+ Kd5 33.Rf7 cxd4 34.Rxb7 dxc3
35.bxc3 Rf5+ 36.Ke3 Re5+ 37.Kd3 Kc6 38.Rg7 Ra5 39.Rg6+ Kc7 40.Kc4 Rxa2 41.Kb5
a6+ 42.Kc5 Ra5+ 43.Kb4 Rb5+ 44.Kc4 Ra5 45.Kb4 Rb5+ 1/2-1/2

[Event "Campeonato de Aragon por Equipos 2009"]
[Site "Aragon"]
[Date "2009.03.28"]
[Round "9.27"]
[White "Gutierrez Minguenza Ruben"]
[Black "Escuer Sanchez Nestor"]
[Result "1-0"]
[WhiteElo "2068"]
[BlackElo "2089"]

1.d4 f5 2.c4 g6 3.g3 Nf6 4.Bg2 Bg7 5.Nf3 d6 6.O-O O-O 7.Nc3 Qe8 8.b3 e5 9.dxe5
dxe5 10.e4 fxe4 11.Ng5 Qe7 12.Nd5 Nxd5 13.Qxd5+ Kh8 14.Nxe4 c6 15.Qd6 Qxd6 16.
Nxd6 Kg8 17.Bg5 e4 18.Rae1 Be5 19.Nxc8 Rxc8 20.Rxe4 Bg7 21.Bh3 Rf8 22.Re7 b6
23.Bg2 h6 24.Bf4 Na6 25.Bxc6 Rad8 26.Bd5+ Kh8 27.Rxa7 Nc5 28.Bc7 Rde8 29.Bxb6
Nd3 30.Rf7 Re2 31.Rxf8+ Bxf8 32.a4 Bb4 33.a5 Ra2 34.Be4 Nc5 35.Bxg6 Nxb3 36.
Rb1 Ra3 37.Bc2 Bxa5 38.Be3 Nd2 39.Rb7 Nf3+ 40.Kf1 Ra1+ 41.Ke2 Ne5 42.Bb1 Bc3
43.Bxh6 Kg8 44.Bh7+ Kh8 45.Bg7+ 1-0

[Event "Campeonato de Aragon por Equipos 2009"]
[Site "Aragon"]
[Date "2009.03.28"]
[Round "9.28"]
[White "Andreu Sin Raul"]
[Black "Palomar Ramon Santiago"]
[Result "1-0"]
[WhiteElo "2041"]
[BlackElo "2022"]

1.d4 Nf6 2.c4 d6 3.Nf3 Bg4 4.Nc3 Nbd7 5.e4 c5 6.Be2 cxd4 7.Nxd4 Bxe2 8.Qxe2 g6
9.O-O Bg7 10.Be3 O-O 11.Rad1 Qc8 12.f3 Ne5 13.b3 a6 14.Rc1 Nc6 15.Na4 Nd7 16.
Nc2 Rb8 17.c5 dxc5 18.Nxc5 Nxc5 19.Bxc5 b6 20.Bf2 Qb7 21.Kh1 Rfd8 22.Rfd1 e6
23.Bh4 Nd4 24.Qf2 Rd7 25.Nxd4 Bh6 26.Rb1 g5 27.Bg3 Rbd8 28.Be5 Bg7 29.Bxg7
Kxg7 30.Qg1 Qc7 31.Rbc1 Qf4 32.Ne2 Qh4 33.Rxd7 Rxd7 34.Rd1 Rc7 35.Qd4+ Kg6 36.
Ng3 Qf4 37.Ne2 Qh4 38.Qd8 Rc2 39.e5 Qf2 1-0

[Event "Campeonato de Aragon por Equipos 2009"]
[Site "Aragon"]
[Date "2009.03.28"]
[Round "9.29"]
[White "Soriano Ascaso Ignacio"]
[Black "Hinojar Basa Alfonso"]
[Result "1/2-1/2"]
[WhiteElo "2154"]
[BlackElo "2216"]

1.b4 d5 2.Bb2 Nf6 3.Nf3 e6 4.b5 c5 5.e3 Nbd7 6.c4 Be7 7.Nc3 O-O 8.Be2 b6 9.O-O
Bb7 10.cxd5 Nxd5 11.d4 cxd4 12.Nxd5 Bxd5 13.Nxd4 Rc8 1/2-1/2

[Event "Campeonato de Aragon por Equipos 2009"]
[Site "Aragon"]
[Date "2009.03.28"]
[Round "9.30"]
[White "Jario Garcia Ricardo Javier"]
[Black "Valles Mata David"]
[Result "1/2-1/2"]
[WhiteElo "2138"]
[BlackElo "2147"]

1.e4 c5 2.c3 d5 3.exd5 Qxd5 4.d4 Nf6 5.Nf3 Bg4 6.Nbd2 Nc6 7.Bc4 Bxf3 8.Qb3 Na5
9.Qb5+ Qd7 10.Nxf3 Nxc4 11.Qxc4 cxd4 12.Nxd4 e6 13.Bf4 Bd6 14.Bxd6 Qxd6 15.
Qb5+ Qd7 16.Qxd7+ Nxd7 17.Nb5 Ke7 1/2-1/2

[Event "Campeonato de Aragon por Equipos 2009"]
[Site "Aragon"]
[Date "2009.03.28"]
[Round "9.31"]
[White "Alsina Franco Sergi"]
[Black "Fabre Perez Jose Maria"]
[Result "1/2-1/2"]
[WhiteElo "2112"]
[BlackElo "2092"]

1.e4 e6 2.d4 d5 3.exd5 exd5 4.Nf3 Bd6 5.c4 dxc4 6.Bxc4 Nf6 7.O-O O-O 8.Nc3 Nc6
9.h3 h6 10.Qc2 Na5 11.Bd3 Be6 12.Re1 c5 13.Be3 cxd4 14.Bxd4 1/2-1/2

[Event "Campeonato de Aragon por Equipos 2009"]
[Site "Aragon"]
[Date "2009.03.28"]
[Round "9.32"]
[White "Sancho Cortes Miguel Angel"]
[Black "Lopez Alaya Carlos"]
[Result "1/2-1/2"]
[WhiteElo "2092"]
[BlackElo "2014"]

1.d4 d5 2.Nf3 Nf6 3.e3 e6 4.Bd3 Bd6 5.O-O Nbd7 6.Nbd2 O-O 7.c4 c6 8.e4 dxe4 9.
Nxe4 Nxe4 10.Bxe4 h6 11.Bc2 e5 12.Re1 exd4 13.Qxd4 Bc5 14.Qc3 Qb6 15.Be3 Bxe3
16.Rxe3 Nf6 1/2-1/2

[Event "Campeonato de Aragon por Equipos 2009"]
[Site "Aragon"]
[Date "2009.03.28"]
[Round "9.33"]
[White "Lopez Gracia Fernando"]
[Black "Juberias Segura Santiago"]
[Result "1-0"]
[WhiteElo "2297"]
[BlackElo "2125"]

1.e4 e5 2.Nf3 Nf6 3.d4 exd4 4.e5 Ne4 5.Qxd4 d5 6.exd6 Nxd6 7.Bd3 Nc6 8.Qf4 g6
9.O-O Bg7 10.Re1+ Be6 11.Bd2 Qf6 12.Qxf6 Bxf6 13.Bc3 Bxc3 14.Nxc3 O-O 15.Ng5
Nd4 16.Nxe6 Nxe6 17.Rad1 Kg7 18.g3 Rad8 19.Kg2 Rfe8 20.h4 h5 21.Nb5 a6 22.Nxd6
Rxd6 23.Be4 Rxd1 24.Rxd1 Rd8 25.Rxd8 Nxd8 26.Kf3 Kf6 27.Ke3 b6 28.b4 Ke5 29.
f4+ Kf6 30.Kd4 Ne6+ 31.Kd5 Nd8 32.Bd3 a5 33.bxa5 bxa5 34.a4 Ke7 35.Kc5 Kd7 36.
Kb5 Nc6 37.c3 Kd6 38.Be4 Nd8 39.f5 gxf5 40.Bxf5 Ne6 41.Be4 Nc5 42.Bf3 f5 43.
Bxh5 Ne4 44.c4 Nxg3 45.Bf3 Ne4 46.h5 c6+ 47.Kxa5 Nd2 48.h6 Nxc4+ 49.Ka6 Ne5
50.Bh5 1-0

[Event "Campeonato de Aragon por Equipos 2009"]
[Site "Aragon"]
[Date "2009.03.28"]
[Round "9.34"]
[White "Antonano Fernandez Avelino"]
[Black "Gimenez Martinez Alberto"]
[Result "1/2-1/2"]
[WhiteElo "2102"]
[BlackElo "2090"]

1.Nf3 d5 2.b3 Nf6 3.Bb2 Bf5 4.e3 h6 5.d4 e6 6.Be2 Nbd7 7.O-O Bd6 8.c4 c6 9.Nc3
Bh7 10.Bd3 g5 11.Bxh7 Rxh7 12.Ne2 Qb8 13.g3 Ne4 14.Nd2 Ndf6 15.Nxe4 Nxe4 16.f3
Nf6 17.Qd3 Rg7 18.e4 Be7 19.e5 Nh5 20.f4 Qc7 21.f5 Bf8 22.cxd5 exd5 23.g4 Nf4
24.Nxf4 gxf4 25.Rxf4 O-O-O 26.Kh1 Kb8 27.Qf3 Qb6 28.a3 Rg8 29.h4 c5 30.Rd1
1/2-1/2

[Event "Campeonato de Aragon por Equipos 2009"]
[Site "Aragon"]
[Date "2009.03.28"]
[Round "9.35"]
[White "Arregui Untoria Carlos"]
[Black "Garcia Andres Daniel"]
[Result "1/2-1/2"]
[WhiteElo "2003"]
[BlackElo "2039"]

1.d4 c5 2.d5 e5 3.c4 d6 4.Nc3 g6 5.e4 Bh6 6.Bxh6 Nxh6 7.Qd2 Ng8 8.a3 Qb6 9.
Nge2 Nf6 10.Nc1 O-O 11.Nd3 a5 12.Be2 Kg7 13.O-O Nbd7 14.f4 Qd8 15.g4 Nb6 16.
fxe5 Nxg4 17.Bxg4 Bxg4 18.b3 dxe5 19.Nxe5 h5 20.Qf4 Qe7 21.a4 Bd7 22.Nd3 g5
23.Qe3 f5 24.e5 f4 25.Qxc5 Qxc5+ 26.Nxc5 Bh3 27.Rf2 Rab8 28.N3e4 Kg6 29.Rd2
Rf5 30.Nf2 Bg4 31.Nxg4 hxg4 32.Re1 Re8 33.e6 Re7 34.d6 Re8 35.d7 Nxd7 36.Nxd7
f3 37.Kf2 Rh8 38.e7 Rxh2+ 39.Ke3 Rh8 40.Rg1 Re8 41.Rxg4 f2 42.Ne5+ Kh5 43.Rxf2
Rxe5+ 44.Re4 Rxe4+ 45.Kxe4 Rxe7+ 46.Kd4 g4 47.Rf5+ Kg6 48.Rf1 b6 49.c5 bxc5+
50.Kxc5 Rb7 51.Kc4 Kg5 52.Rf8 g3 53.Rg8+ Kf4 54.Rf8+ Ke3 55.Re8+ Kf2 56.Rf8+
Ke2 57.Re8+ Kd2 58.Rg8 Rb4+ 59.Kc5 Rxb3 60.Kc4 Rb4+ 61.Kc5 Rb3 62.Kc4 Rf3 63.
Kb5 Ke3 64.Kxa5 Kf2 65.Ka6 g2 66.Rxg2+ Kxg2 67.a5 Ra3 68.Kb6 Kf3 69.a6 Ke4 70.
a7 Kd5 71.Kb7 1/2-1/2

[Event "Campeonato de Aragon por Equipos 2009"]
[Site "Aragon"]
[Date "2009.03.28"]
[Round "9.36"]
[White "Pellicer Abella Emilio"]
[Black "Cebollada Pacheco Jesus Raul"]
[Result "0-1"]
[WhiteElo "1813"]
[BlackElo "1992"]

1.Nf3 g6 2.e4 Bg7 3.Bc4 c5 4.Nc3 Nc6 5.O-O d6 6.h3 Nf6 7.d3 O-O 8.Bg5 h6 9.
Bxf6 Bxf6 10.Nd5 Bxb2 11.Rb1 Bg7 12.Qd2 e6 13.Nf4 a6 14.c3 Na5 15.Bb3 Nxb3 16.
axb3 b5 17.d4 Bb7 18.Rfe1 cxd4 19.cxd4 Rc8 20.h4 Rc7 21.g4 Qd7 22.d5 exd5 23.
Nxd5 Qxg4+ 0-1

[Event "Campeonato de Aragon por Equipos 2009"]
[Site "Aragon"]
[Date "2009.03.28"]
[Round "9.37"]
[White "Romon Poves Raul"]
[Black "Martinez Catalin Francisco Javier"]
[Result "1/2-1/2"]
[WhiteElo "2251"]
[BlackElo "2261"]

1.c4 g6 2.Nc3 Bg7 3.g3 c5 4.Bg2 Nc6 5.Nf3 e5 6.d3 Nge7 7.O-O d6 8.Bd2 O-O 9.
Rb1 a5 10.a3 Rb8 1/2-1/2

[Event "Campeonato de Aragon por Equipos 2009"]
[Site "Aragon"]
[Date "2009.03.28"]
[Round "9.45"]
[White "Horton Justin"]
[Black "Hernandez Delgado Gabriel"]
[Result "1-0"]
[WhiteElo "2137"]
[BlackElo "2023"]

1.d4 {479MB
} 1...d6 2.g3 g6 3.Bg2 Bg7 4.Nf3 Nd7 5.O-O e5 6.c4 Ne7 7.Nc3 O-O 8.e4 exd4 9.
Nxd4 Nc6 10.Nxc6 bxc6 11.f4 Ba6 12.e5 Bxc4 13.Re1 d5 14.b3 Ba6 15.Ba3 Re8 16.
Rc1 Bf8 17.Bxf8 Nxf8 18.Na4 Bb7 19.Nc5 Bc8 20.Nd3 Bb7 21.Nb4 Qd7 22.Qc2 c5 23.
Nd3 Ne6 24.Nxc5 Nxc5 25.Qxc5 c6 26.Red1 Qe7 27.Rd4 Qxc5 28.Rxc5 f6 29.Rb4 Rab8
30.exf6 Kf7 31.Bxd5+ Kxf6 32.Bxc6 Rec8 33.Rbc4 Ba6 34.Rc1 Rd8 35.Bf3 1-0

[Event "Campeonato de Aragon por Equipos 2009"]
[Site "Aragon"]
[Date "2009.03.28"]
[Round "9.46"]
[White "De la Riva Fernandez Eduardo"]
[Black "Abos Rosico Antonio"]
[Result "0-1"]
[WhiteElo "1972"]
[BlackElo "2047"]

1.e4 d6 2.d4 Nf6 3.f3 c6 4.c4 e5 5.Be3 Be7 6.Nc3 O-O 7.Nge2 b6 8.Qd2 Nbd7 9.d5
Bb7 10.dxc6 Bxc6 11.g4 Nc5 12.Ng3 Ne8 13.O-O-O a6 14.h4 b5 15.Bxc5 dxc5 16.
Qxd8 Rxd8 17.Rxd8 Bxd8 18.cxb5 axb5 19.Bxb5 Bxb5 20.Nxb5 g6 21.Kd1 Ng7 22.Nd6
Ne6 23.Ne2 Bxh4 24.Nc4 Rd8+ 25.Kc2 Bg5 26.Rd1 Nd4+ 27.Nxd4 exd4 28.Kd3 Ra8 29.
Ra1 Bf4 30.a4 h5 31.gxh5 gxh5 32.Rh1 Rxa4 33.Rxh5 Ra1 34.Rxc5 Rd1+ 35.Ke2 Rc1
36.Rc8+ Kg7 37.Nd6 d3+ 38.Kxd3 Rd1+ 39.Ke2 Rd2+ 40.Ke1 Rxd6 41.Rc2 Rd3 42.Kf2
Rb3 43.Kg2 Be5 44.Rf2 Rxb2 45.Rxb2 Bxb2 46.Kg3 Kf6 47.Kg4 Ke5 48.Kg5 Bc1+ 49.
Kg4 Bf4 50.Kh4 Bh6 51.Kg4 Bf8 52.Kg5 Be7+ 53.Kg4 f6 54.Kg3 Bd6 55.Kg4 Bc7 56.
Kg3 Kd4+ 57.Kg4 Ke3 58.Kf5 Be5 59.f4 Kd4 60.fxe5 fxe5 61.Kg4 Kxe4 62.Kg3 Kd3
63.Kf2 e4 64.Ke1 Ke3 65.Kf1 Kd2 0-1

[Event "Campeonato de Aragon por Equipos 2009"]
[Site "Aragon"]
[Date "2009.03.28"]
[Round "9.47"]
[White "Gonzalez Gambau Jorge"]
[Black "Machin Torcal Eduardo"]
[Result "1-0"]
[WhiteElo "2033"]
[BlackElo "1896"]

1.e4 {479MB
} 1...e5 2.Nf3 Nc6 3.Nc3 Nf6 4.g3 Be7 5.Bg2 d6 6.d3 Bg4 7.h3 Be6 8.O-O O-O 9.
d4 exd4 10.Nxd4 Bd7 11.Be3 Ne5 12.b3 Nc6 13.Kh2 Nxd4 14.Qxd4 Bc6 15.Rad1 a6
16.f4 Qe8 17.Rfe1 Rd8 18.Bc1 Qd7 19.Bb2 Ne8 20.Nd5 Bxd5 21.Qxd5 c6 22.Qd3 Qc7
23.Qe2 Bf6 24.e5 dxe5 25.Rxd8 Qxd8 26.Bxe5 Nc7 27.Bxf6 Qxf6 28.Qe7 Re8 29.Qxc7
Rf8 30.Qxb7 Qb2 31.Qxc6 Qxa2 32.Re8 Qa3 33.Rxf8+ Kxf8 34.Bd5 Qe7 35.Qc8+ Qe8
36.Qxe8+ Kxe8 37.b4 1-0

[Event "Campeonato de Aragon por Equipos 2009"]
[Site "Aragon"]
[Date "2009.03.28"]
[Round "9.48"]
[White "Requena Munguira Jorge"]
[Black "Perez Puyal Jose J"]
[Result "0-1"]
[WhiteElo "1859"]
[BlackElo "1867"]

1.d4 {479MB
} 1...Nf6 2.c4 c6 3.Nc3 d5 4.Nf3 g6 5.cxd5 cxd5 6.Bg5 Bg7 7.Qb3 e6 8.Qa3 Bf8
9.Qb3 Be7 10.Bh6 Ng4 11.Bf4 O-O 12.Nb5 Na6 13.Rc1 Qa5+ 14.Bd2 Qb6 15.e3 Bd7
16.Bd3 Rac8 17.O-O Bc6 18.a4 Bxb5 19.Qxb5 Qxb5 20.Bxb5 Nb4 21.Bd7 Rb8 22.Rc3
Nf6 23.Bb5 a6 24.Be2 Ne4 25.Rc7 Nc6 26.Bxa6 bxa6 27.Rxc6 Rxb2 28.Bc1 Ra2 29.
Rxa6 Rc8 30.g3 Rac2 31.Ne5 Rxc1 32.Ra7 R1c7 33.Ra6 Bf6 34.Nd3 Rc3 35.Nf4 Rc1
36.Nd3 Rxf1+ 37.Kxf1 Rc3 38.Nb4 Rb3 39.Nc6 Rb1+ 40.Ke2 Rb2+ 41.Kd3 Rd2# 0-1

[Event "Campeonato de Aragon por Equipos 2009"]
[Site "Aragon"]
[Date "2009.03.28"]
[Round "9.49"]
[White "Gavin Roche Enrique"]
[Black "Gracia Campo Carlos Alberto"]
[Result "1/2-1/2"]
[WhiteElo "2278"]
[BlackElo "2090"]

1.d4 Nf6 2.c4 g6 3.Nc3 Bg7 4.e4 d6 5.Be2 O-O 6.Nf3 c6 7.Bg5 Qc7 8.O-O Nbd7 9.
a3 e5 10.d5 h6 11.Bh4 g5 12.Bg3 Nc5 13.Nd2 Nfxe4 14.Ndxe4 Nxe4 15.Nxe4 f5 16.
dxc6 fxe4 17.Qd5+ Kh8 18.Rad1 Rf6 19.c5 bxc6 20.Qxe4 d5 21.Bxe5 Re6 22.Bxc7
Rxe4 23.Bd3 Re7 24.Bd6 Rb7 25.Rfe1 Bg4 26.f3 Bh5 27.g4 Bf7 28.Ba6 Rxb2 29.Re7
Kg8 30.Bb7 Rd8 31.Bxc6 Bf8 32.Rxa7 Bxd6 33.cxd6 Rxd6 34.Ra6 Re6 35.Ra8+ Kg7
36.Bxd5 Ree2 37.Ra7 Rg2+ 38.Kf1 Rgf2+ 1/2-1/2

[Event "Campeonato de Aragon por Equipos 2009"]
[Site "Aragon"]
[Date "2009.03.28"]
[Round "9.50"]
[White "Bailo Remacha Santiago"]
[Black "Lopez Guaita Fernando"]
[Result "1-0"]
[WhiteElo "2038"]
[BlackElo "2062"]

1.d4 d5 2.g3 Nf6 3.Bg2 Bf5 4.c4 c6 5.cxd5 cxd5 6.Nc3 e6 7.Qb3 Qb6 8.Qxb6 axb6
9.Nb5 Ra5 10.a4 Bb4+ 11.Bd2 Bxd2+ 12.Kxd2 Kd7 13.Nf3 Ne4+ 14.Ke3 Nd6 15.Ne5+
Ke7 16.Nxd6 Kxd6 17.Nxf7+ Ke7 18.Nxh8 Nc6 19.Rhc1 Ra8 20.b4 Nxb4 21.Rc7+ Kd6
22.Rac1 Rxh8 23.Rxb7 Nc2+ 24.Kd2 Nxd4 25.Rxb6+ Ke5 26.e3 1-0

[Event "Campeonato de Aragon por Equipos 2009"]
[Site "Aragon"]
[Date "2009.03.28"]
[Round "9.51"]
[White "Bayod Rubia Angel"]
[Black "Galve Guinea Alejandro"]
[Result "0-1"]
[WhiteElo "2041"]
[BlackElo "1956"]

1.e4 e6 2.d4 d5 3.e5 c5 4.Nf3 cxd4 5.Bd3 Nc6 6.O-O f6 7.Re1 fxe5 8.Nxe5 Nxe5
9.Rxe5 Nf6 10.Bb5+ Bd7 11.Rxe6+ Kf7 12.Bxd7 Qxd7 13.Re1 Bc5 14.Nd2 Rhe8 15.Rf1
Bb6 16.Nf3 Rac8 17.Bf4 Qf5 18.Bg3 Qxc2 19.Ne5+ Kg8 20.Qf3 Qe4 21.Nd3 Qxf3 22.
gxf3 Rc2 23.Rad1 Ree2 24.Bd6 Red2 25.Ba3 Rxd1 26.Rxd1 Kf7 27.Kf1 g5 28.Nb4 Rc8
29.Nd3 g4 30.Ne5+ Ke6 31.Nxg4 Nxg4 32.fxg4 Ke5 33.Ke2 Kf4 34.h3 Rc2+ 35.Kf1
Kf3 36.g5 Rxf2+ 37.Ke1 Re2+ 38.Kf1 Ke3 39.Re1 d3 40.Bb4 Kf3 41.Rd1 Rf2+ 42.Ke1
Re2+ 43.Kf1 Ke4 44.Bd2 Be3 45.Be1 Rxb2 46.a4 d2 47.Bh4 Kd3 48.Ra1 Rc2 0-1

[Event "Campeonato de Aragon por Equipos 2009"]
[Site "Aragon"]
[Date "2009.03.28"]
[Round "9.52"]
[White "Labrador Postigo Francisco"]
[Black "Ferrer Echevarri Francisco Javi"]
[Result "0-1"]
[WhiteElo "1953"]
[BlackElo "1969"]

1.d4 Nf6 2.c4 e6 3.g3 d5 4.Bg2 Be7 5.Nf3 b6 6.Qa4+ Qd7 7.Qc2 O-O 8.O-O Bb7 9.
Ne5 Qc8 10.Bg5 Na6 11.a3 c5 12.cxd5 Bxd5 13.Bxd5 Nxd5 14.Bxe7 Nxe7 15.dxc5
Qxc5 16.Qe4 Qd5 17.Nc3 Qxe4 18.Nxe4 f6 19.Nd3 Rfd8 20.Rac1 Rd7 21.b4 Rad8 22.
Nf4 Kf7 23.Rc2 Nc7 24.Rfc1 Nb5 25.a4 Nd4 26.Rb2 e5 27.Ng2 Ne6 28.f4 f5 29.Ng5+
Nxg5 30.fxg5 Rd1+ 31.Rxd1 Rxd1+ 32.Kf2 Rd4 33.a5 b5 34.Ne3 Kg6 35.h4 f4 36.
gxf4 Rxf4+ 37.Ke1 Rxh4 38.Rc2 Rxb4 39.Rc7 Nf5 40.Nxf5 Kxf5 41.Rxg7 Ra4 42.Rxa7
Kxg5 43.a6 h5 44.Re7 Kf6 45.Rh7 Kg6 46.Rb7 Rxa6 47.Rxb5 Kf5 48.Kf2 Rg6 49.Rb8
Rg4 50.Rh8 h4 51.Rh5+ Ke4 52.e3 Kd5 53.Kf3 Rg3+ 54.Kf2 Rh3 55.Kg2 Rxe3 56.Rxh4
Re4 57.Rh8 Rf4 58.Kg3 Rf7 0-1

[Event "Campeonato de Aragon por Equipos 2009"]
[Site "Aragon"]
[Date "2009.03.28"]
[Round "9.53"]
[White "Laliena Solares Luis"]
[Black "Sicilia Ruiz Manuel"]
[Result "1-0"]
[WhiteElo "2240"]
[BlackElo "2097"]

1.c4 {299MB, Eco2008.ctg, ASUS X51R
} 1...d6 2.g3 e5 3.Bg2 Nc6 4.Nc3 f5 5.d3 Nf6 6.e4 Be7 7.Nge2 O-O 8.O-O Qe8 9.
Nd5 Bd8 10.f3 Kh8 11.Be3 Qh5 12.exf5 Qxf5 13.Qd2 Qh5 14.Rae1 Ne7 15.Nxe7 Bxe7
16.d4 Nd7 17.Nc3 Bf6 18.Nd5 Bd8 19.f4 c6 20.Nc3 Bf6 21.fxe5 dxe5 22.d5 c5 23.
Ne4 b6 24.Nd6 Be7 25.Nb5 Bf6 26.Be4 a6 27.Nd6 Be7 28.Rxf8+ Bxf8 29.Nxc8 Rxc8
30.d6 Rd8 31.Rf1 Nf6 32.d7 Be7 33.Bf5 Qf7 34.Qd3 Qh5 35.Bd2 Bf8 36.Bc3 1-0

[Event "Campeonato de Aragon por Equipos 2009"]
[Site "Aragon"]
[Date "2009.03.28"]
[Round "9.54"]
[White "Carruez Berges Santiago"]
[Black "Latorre Abad Fernando"]
[Result "1-0"]
[WhiteElo "2126"]
[BlackElo "2056"]

1.Nf3 Nf6 2.g3 g6 3.b4 Bg7 4.Bb2 O-O 5.Bg2 d6 6.O-O e5 7.d3 Nh5 8.Nfd2 f5 9.c4
Nc6 10.c5 d5 11.Qb3 Ne7 12.e4 c6 13.Nf3 Qc7 14.Re1 fxe4 15.dxe4 Be6 16.Ng5 Bf7
17.Nxf7 Rxf7 18.exd5 Nxd5 19.Bxd5 cxd5 20.Qxd5 Rd8 21.Qc4 Kh8 22.Na3 Rd2 23.
Re2 Rxb2 24.Rxb2 e4 25.Nb5 Qe7 26.Nd6 Rf3 27.Rab1 Bxb2 28.Rxb2 Qf6 29.Re2 Qa1+
30.Kg2 Nf6 31.Nxe4 Rf5 32.Nxf6 Qxf6 33.Qe4 1-0

[Event "Campeonato de Aragon por Equipos 2009"]
[Site "Aragon"]
[Date "2009.03.28"]
[Round "9.55"]
[White "Cobo Garrido Diego Israel"]
[Black "Larrosa Poves Jose Manuel"]
[Result "1-0"]
[WhiteElo "2026"]
[BlackElo "2080"]

1.e4 c5 2.Nf3 e6 3.d4 cxd4 4.Nxd4 a6 5.Bd3 Nc6 6.Nxc6 dxc6 7.O-O e5 8.Qh5 Qc7
9.Nc3 Nf6 10.Qh4 Be7 11.a4 a5 12.Nd1 Be6 13.Ne3 Ng4 14.Qg3 Nxe3 15.Bxe3 Bd6
16.f3 O-O 17.Qf2 Qe7 18.Kh1 Rfb8 19.Qe2 Bc5 20.Bd2 Bb4 21.Be3 Bc5 22.Bd2 Bb4
23.c3 Bc5 24.Bc4 Bxc4 25.Qxc4 b5 26.axb5 cxb5 27.Qe2 Qe6 28.Rfd1 Qc4 29.Qe1 a4
30.Be3 Bxe3 31.Qxe3 Rd8 32.Qb6 Rxd1+ 33.Rxd1 f6 34.h3 a3 35.bxa3 Qxc3 36.Qb7
Qxa3 37.Qxb5 Qa4 38.Rd8+ Kf7 39.Qd5+ Kg6 40.Rxa8 1-0

[Event "Campeonato de Aragon por Equipos 2009"]
[Site "Aragon"]
[Date "2009.03.28"]
[Round "9.56"]
[White "Larrosa Moles Marcos"]
[Black "Gayan Carceller Miguel Angel"]
[Result "1-0"]
[WhiteElo "1873"]
[BlackElo "1888"]

1.d4 d5 2.Nf3 Nf6 3.e3 Bf5 4.c4 e6 5.Qb3 Qc8 6.Nc3 c6 7.Bd2 Nbd7 8.Rc1 h6 9.a4
a5 10.Be2 Be7 11.O-O O-O 12.cxd5 exd5 13.Ne5 Bd6 14.f4 Qb8 15.Qd1 Bh7 16.Rf3
Qd8 17.Rg3 Ne4 18.Nxe4 Bxe4 19.Ng4 Kh7 20.Bc3 Nf6 21.Bd3 Bxd3 22.Nxf6+ Qxf6
23.Qxd3+ g6 24.Rh3 Rfe8 25.Rf1 Qf5 26.Qxf5 gxf5 27.Rff3 Rg8 28.Be1 Rg4 29.Bh4
Rag8 30.Bg5 Rg6 31.Rh5 Kg7 32.h3 Rxg2+ 33.Kxg2 hxg5 34.Rxg5 Rxg5+ 35.fxg5 Kg6
36.h4 Bb4 37.Kg3 Bd6+ 38.Kh3 Bb4 39.Rf2 Bd6 40.Rc2 Kh5 41.Rc3 Bb4 42.Rb3 Kg6
43.Kg3 Bd6+ 44.Kf3 Bb4 45.Rd3 Kh5 46.Kf4 Kg6 47.h5+ Kxh5 48.Kxf5 Be7 49.Rb3
Bxg5 50.Rxb7 Bxe3 51.Rxf7 Kh6 52.Ke5 c5 53.dxc5 Bxc5 54.Kxd5 Bb4 55.Kc4 Kg6
56.Rb7 Bd2 57.Kb5 Kf6 58.Ra7 Ke6 1-0

[Event "Campeonato de Aragon por Equipos 2009"]
[Site "Aragon"]
[Date "2009.03.28"]
[Round "9.57"]
[White "Gonzalvo Lara Victor"]
[Black "Malo Guillen Jose Luis"]
[Result "0-1"]
[WhiteElo "2108"]
[BlackElo "2162"]

1.e4 d6 2.d4 Nf6 3.Nc3 g6 4.f3 c6 5.Be3 b5 6.Bd3 Nbd7 7.Qd2 e5 8.O-O-O b4 9.
Nce2 exd4 10.Nxd4 c5 11.Nb3 a5 12.e5 Nxe5 13.Bxc5 dxc5 14.Re1 Qc7 15.f4 Bh6
16.Nf3 Nd7 17.Nxe5 O-O 18.Nxd7 Bxd7 19.Re4 a4 20.Na1 Bc6 21.g3 a3 22.Nb3 axb2+
23.Kxb2 Bxe4 24.Bxe4 c4 25.Qxb4 Rfb8 26.Qd2 c3+ 0-1